| 000 | 00553nam a22002057a 4500 | ||
|---|---|---|---|
| 999 |
_c1154 _d1154 |
||
| 003 | OSt | ||
| 005 | 20230508152953.0 | ||
| 008 | 150304b xxu||||| |||| 00| 0 eng d | ||
| 020 | _a0443062161 | ||
| 040 | _cDNLM | ||
| 082 | _aWL101 C87n 2000 | ||
| 100 |
_aCrossman, A. R.; Neary, D. _93159 |
||
| 245 |
_aNeuroanatomy: _cAn illustrated colour text |
||
| 250 | _a2nd ed. | ||
| 260 |
_aLondon; _bChurchill Livingstone, _c2000. |
||
| 300 |
_aix,189 p: _bcol.ill; _c29 cm. |
||
| 504 | _aIncludes Index | ||
| 650 |
_aNeuroanatomy _93160 |
||
| 942 |
_2z _cSLOAN |
||